| 000 | 00711cam a2200205 4500 | ||
|---|---|---|---|
| 001 | WB3526-16 | ||
| 008 | 000000n1999 000 0 eng u | ||
| 035 | _a(Sirsi) u102413 | ||
| 245 | _aRegions share nearly £2bn of EU money. | ||
| 260 | _c1999 | ||
| 490 |
_aDETR News Release _v(644) 1 July 1999, (1) |
||
| 520 | _a Merseyside, South Yorkshire, and Cornwall are to receive a share of nearly £2bn of European Objective 1 funding from 2000 to 2006. West Wales and the Valleys are also to receive some funding. | ||
| 650 | _aMERSEYSIDE | ||
| 650 | _aSOUTH YORKSHIRE | ||
| 650 | _aCORNWALL | ||
| 650 | _aWALES | ||
| 650 | _aGRANTS | ||
| 690 | _aPROPERTY-PROPERTY FINANCE AND INVESTMENT | ||
| 942 | _n0 | ||
| 999 |
_c61428 _d61428 |
||